Language Quiz

Random Language or German Quiz

Geography Terms in German Quiz Stats

 Plays Quiz Updated May 7, 2015

Also try: German: Numbers
Challenge
Share
Tweet
Embed
Score 0/18 Timer 05:00
0 Plays Today
English German % Correct
Lakeder See
82.5%
Mountainder Berg
73.6%
Worlddie Welt
71.1%
Countrydas Land
69.4%
Forestder Wald
61.9%
Beachder Strand
61.4%
Riverder Fluss
57.6%
Stateder Staat
57.3%
Seadas Meer
55.5%
English German % Correct
Islanddie Insel
50.4%
Continentder Kontinent
47.3%
Coastdie Küste
43.2%
Volcanoder Vulkan
42.4%
Valleydas Tal
39%
Desertdie Wüste
33.6%
Jungleder Dschungel
33.1%
Hillder Hügel
32.2%
Plateaudie Hochebene
25.4%

You're not logged in!

Compare scores with friends on all Sporcle quizzes.
OR
Log In

You Might Also Like...

Show Comments

Extras

Top Quizzes Today


Score Distribution

Your Account Isn't Verified!

In order to create a playlist on Sporcle, you need to verify the email address you used during registration. Go to your Sporcle Settings to finish the process.

Report this User

Report this user for behavior that violates our Community Guidelines.

Details: